LEADER 01529nam--2200457---450- 001 990001310350203316 005 20090311114449.0 010 $a88-7989-772-1 035 $a000131035 035 $aUSA01000131035 035 $a(ALEPH)000131035USA01 035 $a000131035 100 $a20031219d2003----km-y0enga50------ba 101 0 $aita 102 $aIT 105 $aa|||||||001yy 200 1 $a<> stato sociale in Italia$erapporto annuale Irpps-Cnr 2002$esezione sistemi di welfare e politiche sociali$fMarco Accorinti ... [et al.]$ga cura di Paolo Calza Bini ed Enrico Pugliese 210 $aRoma$cDonzelli$dcopyr.2003 215 $a274 p.$cill.$d22 cm 225 2 $aWelfare books 410 0$12001$aWelfare books 606 0 $aWelfare State$yItalia 607 $aItalia$xPolitica sociale 676 $a361.610945 702 1$aACCORINTI,$bMarco 702 1$aCALZA BINI,$bPaolo 702 1$aPUGLIESE,$bEnrico$f<1942- > 801 0$aIT$bsalbc$gISBD 912 $a990001310350203316 951 $a361 STA 1 (IEP VIII 1580)$b38385 G.$cIEP VIII$d00092392 959 $aBK 969 $aECO 979 $aMARIA$b10$c20031219$lUSA01$h1142 979 $aPATRY$b90$c20040406$lUSA01$h1733 979 $aANNASEN$b90$c20041011$lUSA01$h1908 979 $aANNASEN$b90$c20041011$lUSA01$h1909 979 $aANNASEN$b90$c20050104$lUSA01$h0945 979 $aRSIAV5$b90$c20090311$lUSA01$h1144 979 $aANNAMARIA$b90$c20110512$lUSA01$h1415 996 $aStato sociale in Italia$955414 997 $aUNISA LEADER 02018nam 22005173u 450 001 9910449878603321 005 20210108054312.0 035 $a(CKB)1000000000003001 035 $a(EBL)3384697 035 $a(SSID)ssj0000279530 035 $a(PQKBManifestationID)12060808 035 $a(PQKBTitleCode)TC0000279530 035 $a(PQKBWorkID)10261007 035 $a(PQKB)10184821 035 $a(MiAaPQ)EBC3384697 035 $a(EXLCZ)991000000000003001 100 $a20151005d2001|||| u|| | 101 0 $aeng 135 $aur|n|---||||| 181 $ctxt 182 $cc 183 $acr 200 10$aFlash 5 Cartoons & Games F/X & Design$b[electronic resource] 210 $aPhoenix $cParaglyph Press$d2001 215 $a1 online resource (350 p.) 300 $aDescription based upon print version of record. 311 $a1-932111-57-3 327 $a""About the Authors""; ""Acknowledgments""; ""Contents at a Glance""; ""Table of Contents""; ""Foreword""; ""Introduction""; ""Getting and Planning Your Story""; ""Character Development""; ""Sound""; ""Background Scenery""; ""Character Animation""; ""Lip-Synching and Facial Expressions""; ""Ita???s a Wrap""; ""Introduction to Game Design""; ""Designing Trivia Games""; ""Designing Adventure Games""; ""Collaboration Across the Internet""; ""Using Active Server Pages (ASP) with Flash Games""; ""Artificial Intelligence""; ""Links"" 606 $aComputer animation 606 $aComputer games -- Programming 606 $aFlash (Computer file) 608 $aElectronic books. 615 4$aComputer animation. 615 4$aComputer games -- Programming. 615 4$aFlash (Computer file). 676 $a006.6/96 700 $aTurner$b Bill$0858644 701 $aBazley$b Richard$0967779 701 $aRobertson$b James$0167699 801 0$bAU-PeEL 801 1$bAU-PeEL 801 2$bAU-PeEL 906 $aBOOK 912 $a9910449878603321 996 $aFlash 5 Cartoons & Games F$92197765 997 $aUNINA